Morocco and the moors, Western Barbary (Record no. 155160)

MARC details
000 -LEADER
campo de control de longitud fija 00674nam a22001935i 4500
001 - NÚMERO DE CONTROL
campo de control 155160
003 - IDENTIFICADOR DE NÚMERO DE CONTROL
campo de control ES-MaACL
005 - FECHA Y HORA DE LA ÚLTIMA TRANSACCIÓN
campo de control 20230906205959.0
008 - DATOS DE LONGITUD FIJA--INFORMACIÓN GENERAL
campo de control de longitud fija 991209s1891 xxk |||| | eng d
040 ## - FUENTE DE CATALOGACIÓN
Centro catalogador/agencia de origen M-RAJU
Lengua de catalogación spa
Centro/agencia transcriptor M-RAJU
Centro/agencia modificador CCPB | B
100 1# - ENTRADA PRINCIPAL--NOMBRE DE PERSONA
Nombre de persona Hay, John H. Drummond.
9 (RLIN) 127821
245 10 - MENCIÓN DEL TÍTULO
Título Morocco and the moors, Western Barbary
Resto del título : its wild tribes and savage animals /
Mención de responsabilidad, etc. by John H. Drummond Hay.
250 ## - MENCION DE EDICION
Mención de edición New ed.
260 ## - PUBLICACIÓN, DISTRIBUCIÓN, ETC.
Lugar de publicación, distribución, etc. London :
Nombre del editor, distribuidor, etc. John Murray,
Fecha de publicación, distribución, etc. 1891.
300 ## - DESCRIPCIÓN FÍSICA
Extensión VI, 177 p. ;
Dimensiones 19 cm.
651 #4 - PUNTO DE ACCESO ADICIONAL DE MATERIA--NOMBRE GEOGRÁFICO
Nombre geográfico Marruecos-
Subdivisión general Descripción-
Subdivisión cronológica S.XIX.
9 (RLIN) 9026
752 ## - ENTRADA AGREGADA--NOMBRE JERÁRQUICO DEL LUGAR
País o entidad superior Gran Bretaña -
Ciudad Londres
852 ## - LOCALIZACIÓN
Ubicación ES-MaACL
Número de control de estantería C-592
Nota libre -- Enc. editorial en tela grabada
Holdings
Estatus retirado Estado de pérdida Estado de daño No para préstamo Colección Biblioteca de origen Biblioteca actual Ubicación en estantería Fecha de adquisición Fuente de adquisición Total de préstamos Signatura topográfica completa Código de barras Visto por última vez Precio de reemplazo Tipo de ítem Koha
        Libros del s. XIX Biblioteca del Ateneo de Madrid Biblioteca del Ateneo de Madrid Sala Palomar 17/01/2008     C-592 1162306 23/02/2023 23/02/2023 Libro impreso antiguo